Business communication : for MBA students of VTU (Record no. 192316)

MARC details
000 -LEADER
fixed length control field 00421nam a2200157Ia 4500
005 - DATE AND TIME OF LATEST TRANSACTION
control field 20250407133125.0
008 - FIXED-LENGTH DATA ELEMENTS--GENERAL INFORMATION
fixed length control field 231217s9999 xx 000 0 und d
020 ## - INTERNATIONAL STANDARD BOOK NUMBER
International Standard Book Number 9788127258078
082 ## - DEWEY DECIMAL CLASSIFICATION NUMBER
Classification number 651.4 VAR;1 R
100 ## - MAIN ENTRY--PERSONAL NAME
Personal name Varinder Kumar.
245 #0 - TITLE STATEMENT
Title Business communication : for MBA students of VTU
260 ## - PUBLICATION, DISTRIBUTION, ETC. (IMPRINT)
Date of publication, distribution, etc. 2009
Name of publisher, distributor, etc. Kalyani
Place of publication, distribution, etc. Ludhiyana
300 ## - PHYSICAL DESCRIPTION
Extent 406
650 ## - SUBJECT ADDED ENTRY--TOPICAL TERM
Topical term or geographic name as entry element Business,communication,MBA
942 ## - ADDED ENTRY ELEMENTS (KOHA)
Koha item type Books
Holdings
Date last seen Total Checkouts Full call number Accession number Old discount Price effective from Category Public note Lost status Damaged status Department Withdrawn status bill date Permanent Location Current Location Shelving location Entry date Vendor Grants Currency symbol Conversion rate Discount Discount type
26/01/2024   651.4 VAR;1 R 78203   26/01/2024 Books Missing 2020     Central Library   11/05/2016 Central Library Central Library Central Library 27/04/2011 Publisher DONATED RS 1   Rupees

© For any Suggestions or Query, please contact the library staff @ librarian@pes.edu or Phone: +9180 2672 1983/ 2108.